О теоретико-методологических основах изучения гендерной экономической культуры; Теоретические и прикладные аспекты современной науки; Ч. IV
| Parent link: | Теоретические и прикладные аспекты современной науки: сборник научных трудов по материалам IX Международной научно-практической конференции, г. Белгород, 31 марта 2015 г..— , 2015 Ч. IV.— 2015.— [С. 61-65] |
|---|---|
| Hoofdauteur: | |
| Coauteur: | |
| Samenvatting: | Заглавие с экрана В статье рассматриваются вопросы теории и методологии гендерной культуры. Изучение гендерной культуры позволяет оптимизировать решение женского вопроса и мужских проблем в обществе. Теоретико-методологические идеи деятельностного подхода способствуют социальному и культурному анализу развития современного общества. Данное исследование предполагает рассмотрение понятий гендерной экономической деятельности. |
| Taal: | Russisch |
| Gepubliceerd in: |
2015
|
| Onderwerpen: | |
| Online toegang: | http://csl.isc.irk.ru/BD/Books/%D1%82%D0%B5%D0%BE%D1%80%20%D0%B0%D1%81%D0%BF%D0%B5%D0%BA%D1%82%D1%8B%20%D0%BD%D0%B0%D1%83%D0%BA%D0%B8%20%D0%A74.pdf#page=61 |
| Formaat: | Elektronisch Hoofdstuk |
| KOHA link: | https://koha.lib.tpu.ru/cgi-bin/koha/opac-detail.pl?biblionumber=643841 |
MARC
| LEADER | 00000naa0a2200000 4500 | ||
|---|---|---|---|
| 001 | 643841 | ||
| 005 | 20250606133305.0 | ||
| 035 | |a (RuTPU)RU\TPU\network\8840 | ||
| 035 | |a RU\TPU\network\4800 | ||
| 090 | |a 643841 | ||
| 100 | |a 20151006d2015 k||y0rusy50 ca | ||
| 101 | 0 | |a rus | |
| 102 | |a RU | ||
| 135 | |a drcn ---uucaa | ||
| 181 | 0 | |a i | |
| 182 | 0 | |a b | |
| 200 | 1 | |a О теоретико-методологических основах изучения гендерной экономической культуры |f Г. К. Гульбин | |
| 203 | |a Текст |c электронный | ||
| 300 | |a Заглавие с экрана | ||
| 320 | |a [Библиогр.: с. 65 (3 назв.)] | ||
| 330 | |a В статье рассматриваются вопросы теории и методологии гендерной культуры. Изучение гендерной культуры позволяет оптимизировать решение женского вопроса и мужских проблем в обществе. Теоретико-методологические идеи деятельностного подхода способствуют социальному и культурному анализу развития современного общества. Данное исследование предполагает рассмотрение понятий гендерной экономической деятельности. | ||
| 461 | |t Теоретические и прикладные аспекты современной науки |o сборник научных трудов по материалам IX Международной научно-практической конференции, г. Белгород, 31 марта 2015 г. |o в 6 ч. |d 2015 | ||
| 463 | |t Ч. IV |v [С. 61-65] |d 2015 | ||
| 610 | 1 | |a электронный ресурс | |
| 610 | 1 | |a труды учёных ТПУ | |
| 610 | 1 | |a гендерная экономическая культура | |
| 610 | 1 | |a экономическая деятельность | |
| 610 | 1 | |a гендерология | |
| 610 | 1 | |a философия | |
| 610 | 1 | |a гендерная культура | |
| 610 | 1 | |a теория | |
| 610 | 1 | |a методология | |
| 700 | 1 | |a Гульбин |b Г. К. |c философ |c доцент Томского политехического университета, кандидат исторических наук |f 1951- |g Геннадий Константинович |3 (RuTPU)RU\TPU\pers\24660 | |
| 712 | 0 | 2 | |a Национальный исследовательский Томский политехнический университет (ТПУ) |b Институт социально-гуманитарных технологий (ИСГТ) |b Кафедра философии (ФИЛ) |3 (RuTPU)RU\TPU\col\18928 |
| 801 | 2 | |a RU |b 63413507 |c 20151006 |g RCR | |
| 850 | |a 63413507 | ||
| 856 | 4 | |u http://csl.isc.irk.ru/BD/Books/%D1%82%D0%B5%D0%BE%D1%80%20%D0%B0%D1%81%D0%BF%D0%B5%D0%BA%D1%82%D1%8B%20%D0%BD%D0%B0%D1%83%D0%BA%D0%B8%20%D0%A74.pdf#page=61 | |
| 942 | |c CF | ||